000 00823nam a2200265Ia 4500
001 Para_8428
003 CHAP
008 220125s9999 xx 000 0 und d
010 _a207271
040 _cCHAP
082 _aPA-C 595.752 A6
100 _aTakahashi, Ryoichi
_9111377
245 _aNotes on some japanese aphididae /
_c by Ryoichi Takahashi
300 _a3 p.
440 _aAphidae; 14
_9173807
500 _aSobretiro de: Proc. of the Entomological Soc. of Wash. 21 (7): 174-176, 1919. Encuadernado con otros impresos similares
650 _a
_x Afididos
_x Colecciones de escritos
_x Afididos
_xJapón
_9173837
901 _aPA-C 595.752 A6
902 _aA
905 _a000000 0000000000 00
910 _a
942 _cPARA
942 _cPARA
_d1
999 _c207271
_d207271